Etica, valores y calidad de la educación superior /

En este capítulo se expone la conferencia ofrecida por un especialista en ética, Jorge Chávez, sobre el tema de la tarea ética de los educadores, refereida a las dimensiones de economía, empresa y sociedad. Después de esta conferencia se presentan los comentarios de algunos participantes. Se present...

Fuld beskrivelse

Guardado en:
Bibliografiske detaljer
Hovedforfatter: Hidalgo Jiménez, Gustavo Adolfo
Andre forfattere: Salom J, William (present), Chávez, Jorge (moderador), Araya Pochet, Carlos
Format: Texto
Fag:
Tags: Tilføj Tag
Ingen Tags, Vær først til at tagge denne postø!

MARC

LEADER 00000 a a2200000 04500
001 17188
003
040
100 |a Hidalgo Jiménez, Gustavo Adolfo  
245 |a Etica, valores y calidad de la educación superior /  |c Gustavo Adolfo Hidalgo Jiménez ; presentador William Salom J ; moderador Jorge Chávez ; et al. 
520 |a En este capítulo se expone la conferencia ofrecida por un especialista en ética, Jorge Chávez, sobre el tema de la tarea ética de los educadores, refereida a las dimensiones de economía, empresa y sociedad. Después de esta conferencia se presentan los comentarios de algunos participantes. Se presenta la calusura el foro con un discurso de Rina Contreras López Presidenta de la Asamblea Legislativa para esas fechas./MSD  
650 |a ETICA  
650 |a PLANIFICACION DE LA EDUCACION  
650 |a ENSEÑANZA SUPERIOR  
700 |a Salom J, William   |e present  
700 |a Chávez, Jorge   |e moderador 
700 |a Araya Pochet, Carlos  
773 |g volumen 9, número 1; páginas 111-161  
999 |c 40180  |d 40180